000 00733nam a22002417a 4500
001 00028775
005 20260414150249.0
008 260414b ag ||||| |||| 00| 0 spa d
020 _a9789870709480
040 _aAR-CcCEOS
_bspa
_cAR-CcCEOS
041 _aspa
080 _a950
090 _bCOL t.19
100 _aPABLO COLAZO
_91038
245 _aHistoria Ilustrada para los chicos de hoy :
_bTomo 19 : Hacia el tercer milenio /
_cPablo Colazo
250 _a1ยช ed.
260 _aBuenos Aires :
_bAguilar,
_c2011.
300 _av. 19, 48 p. ;
_c27x23 cm.
490 _vHistoria Ilustrada para los chicos de hoy ; tomo 19
650 0 _ahistoria
_990
655 0 _aliteratura infantil y juvenil
_978
942 _2udc
_cBK
_n0
999 _c28810
_d28810